Soldados de la Carrera de Indias : estructuras militares y conexiones atlánticas de la monarquía católica en el Siglo XVII /

Detalles Bibliográficos
Autor principal: Hernández Rodríguez, Alfonso J. (Autor)
Formato: Electrónico eBook
Lenguaje:español
Publicado: Aranjuez (Madrid) : Ediciones Doce Calles, [2025]
Colección:Colección Miscelánea (Ediciones Doce Calles)
Materias:
Acceso en línea:Digitalia Hispánica

MARC

LEADER 00000nam a2200000Ii 4500
001 DIGDOCEC0325
003 NyNyDIG
006 m o d
007 cr |||||||||||
008 251104s2025 sp d ob 000 0 spa d
035 |a (OCoLC)1548425207 
040 |a DGITA  |b eng  |e rda  |e pn  |c DGITA 
020 |z 9788497444866 
043 |a e-sp--- 
050 1 4 |a DP77.5 ebook 
100 1 |a Hernández Rodríguez, Alfonso J.,  |e author. 
245 1 0 |a Soldados de la Carrera de Indias :  |b estructuras militares y conexiones atlánticas de la monarquía católica en el Siglo XVII /  |c Alfonso J. Hernández Rodríguez. 
264 1 |a Aranjuez (Madrid) :  |b Ediciones Doce Calles,  |c [2025] 
300 |a 1 online resource :  |b color charts. 
336 |a text  |b txt  |2 rdacontent 
337 |a computer  |b c  |2 rdamedia 
338 |a online resource  |b cr  |2 rdacarrier 
347 |a text file  |2 rdaft 
347 |b PDF 
504 |a Includes bibliographical references. 
588 0 |a Online resource; title from PDF title page (Digitalia, viewed November 4, 2025) 
651 0 |a Spain  |x History, Military  |y 17th century. 
651 0 |a Spain  |x History, Naval  |y 17th century. 
651 0 |a Spain  |x Colonies  |z America. 
791 2 |a Digitalia (Firm),  |e distributor. 
793 0 |g Digitalia eBook Collection:  |a Ediciones Doce Calles 
776 0 8 |i Print version:  |a Hernández Rodríguez, Alfonso J.  |t Soldados de la Carrera de Indias.  |d Aranjuez (Madrid) : Ediciones Doce Calles, [2025]  |z 9788497444866 
830 0 |a Colección Miscelánea (Ediciones Doce Calles) 
856 4 0 |3 Digitalia Hispánica  |u https://www.digitaliapublishing.com/a/180921/ 
910 |a Premium collection: 2025